| Tag |
First Indicator |
Second Indicator |
Subfields |
| LEADER |
00000cam a22000004a 4500 |
| 001 |
in00002478413 |
| 005 |
20151111040656.0 |
| 008 |
081027s2009 nyu b 001 0 eng |
| 010 |
|
|
|a 2008046685
|
| 020 |
|
|
|a 9780670020942
|
| 020 |
|
|
|a 067002094X
|
| 029 |
1 |
|
|a NZ1
|b 12890138
|
| 029 |
1 |
|
|a BWX
|b R3786581
|
| 035 |
|
|
|a (OCoLC)ocn265093040
|
| 035 |
|
|
|a (OCoLC)265093040
|
| 040 |
|
|
|a DLC
|c DLC
|d BTCTA
|d YDXCP
|d BKL
|d C#P
|d BUR
|d BWX
|d UtOrBLW
|
| 043 |
|
|
|a n-us---
|
| 049 |
|
|
|a TXAM
|
| 050 |
0 |
0 |
|a E169.12
|b .S737 2009
|
| 082 |
0 |
0 |
|a 973.91
|2 22
|
| 100 |
1 |
|
|a Starobin, Paul.
|
| 245 |
1 |
0 |
|a After America :
|b narratives for the next global age /
|c Paul Starobin.
|
| 264 |
|
1 |
|a New York :
|b Viking,
|c 2009.
|
| 300 |
|
|
|a x, 358 pages ;
|c 24 cm.
|
| 336 |
|
|
|a text
|b txt
|2 rdacontent
|
| 337 |
|
|
|a unmediated
|b n
|2 rdamedia
|
| 338 |
|
|
|a volume
|b nc
|2 rdacarrier
|
| 504 |
|
|
|a Includes bibliographical references (pages 327-348) and index.
|
| 520 |
|
|
|a Journalist Starobin mixes fresh reportage with rigorous historical analysis to envision a world in which the United States is no longer the dominant superpower. The American Century has passed, argues Starobin, due in large part to America's military overreach in the Middle East; resurgent nationalism and economic expansion in Russia, China, and India; the tarnished American model of free-market capitalism; and the growth of transnational institutions. Following an insightful analysis of America's global ascendancy, Starobin explores five possible scenarios: an age of chaos like the one following the collapse of the Roman Empire; a multipolar order of nations in which America would be one great power among others; China becoming the dominant superpower; an age of global city-states; or a form of world government. A concluding section explores how California--the eighth largest economy in the world and among the most sophisticated spots on the planet--is already starting to move beyond the American Century.--From publisher description.
|
| 651 |
|
0 |
|a United States
|x Civilization
|y 1945-
|
| 651 |
|
0 |
|a United States
|x Foreign relations
|y 2001-2009.
|
| 650 |
|
0 |
|a International relations
|x History
|y 21st century.
|
| 938 |
|
|
|a Baker and Taylor
|b BTCP
|n BK0008070511
|
| 938 |
|
|
|a YBP Library Services
|b YANK
|n 2967379
|
| 938 |
|
|
|a Blackwell Book Service
|b BBUS
|n R3786581
|c $26.95
|
| 945 |
|
|
|a PromptCat
|b 730380
|
| 946 |
|
|
|a stk
|
| 947 |
|
|
|a A14840116521
|
| 994 |
|
|
|a 92
|b TXA
|
| 948 |
|
|
|a cataloged
|b h
|d 2009/6/25
|h c
|e asalazar
|f 3:47:33 pm
|
| 999 |
|
|
|a MARS
|
| 999 |
f |
f |
|s 2e5eeedd-4609-360f-a3f2-2533778bd75d
|i f4266cd8-2775-3559-b049-db100d5b5e92
|t 0
|
| 952 |
f |
f |
|p normal
|a Texas A&M University
|b College Station
|c Sterling C. Evans Library
|d Evans: Library Stacks
|t 0
|e E169.12 .S737 2009
|h Library of Congress classification
|i unmediated -- volume
|m A14840116521
|
| 998 |
f |
f |
|a E169.12 .S737 2009
|t 0
|l Evans: Library Stacks
|